Harry Potter Logic Puzzle #7 - Statistics

General Stats
  • This quiz has been taken 2,201 times
  • The average score is 12 of 15
Answer Stats
Item % Correct
Kreacher
100%
Quidditch
99%
Riddikulus
94%
Lee Jordan
91%
Rolanda Hooch
88%
Narcissa Malfoy
87%
Winky
86%
Nicolas Flamel
85%
Hogsmeade
81%
Cuthbert Binns
76%
Filius Flitwick
76%
Charity Burbage
74%
The Burrow
72%
Room of Requirement
68%
Accio
67%
No matching quizzes found
Score Distribution
Percent of People with Each Score
Percentile by Number Answered
Your Score History
You have not taken this quiz